Poradca podnikateľa. 2-3/93 : Daňové zákony v úplnom znení. Zdravotné, nemocenské a dôchodkové poistenie. Zákonník práce
Gespeichert in:
| Format: | Buch |
|---|---|
| Sprache: | Slowakisch |
| Veröffentlicht: |
Žilina :
Poradca podnikateľa, spol.s.r.o.,
1993
|
| Ausgabe: | [1.vyd.] |
| Schlagworte: | |
| Tags: |
Keine Tags, Fügen Sie das erste Tag hinzu!
|
MARC
| LEADER | 00000nam a22000003a 4500 | ||
|---|---|---|---|
| 001 | stu3223 | ||
| 005 | 20150408161025.5 | ||
| 008 | 930305s1993----xo------------------slo-d | ||
| 040 | |a STU |b slo | ||
| 041 | 0 | |a slo | |
| 044 | |a xo | ||
| 080 | |a 336.2 |7 stu_us_auth*stu7708 | ||
| 080 | |a 368.4 | ||
| 080 | |a 349.2 | ||
| 245 | |a Poradca podnikateľa. 2-3/93 : |b Daňové zákony v úplnom znení. Zdravotné, nemocenské a dôchodkové poistenie. Zákonník práce | ||
| 250 | |a [1.vyd.] | ||
| 260 | |a Žilina : |b Poradca podnikateľa, spol.s.r.o., |c 1993 | ||
| 300 | |a 352 s | ||
| 650 | 7 | |a dane |2 stusub | |
| 650 | 7 | |a Poistenie |2 stusub | |
| 650 | 7 | |a zdravotné poistenie |2 stusub | |
| 650 | 7 | |a nemocenské poistenie |2 stusub | |
| 650 | 7 | |a dôchodkové poistenie |2 stusub | |
| 650 | 7 | |a pracovné právo |2 stusub | |
| 650 | 7 | |a zákonník práce |2 stusub | |
| 996 | |b E77882 |c R*77882 |l RRUM |s A |a 24 |w stu3223_0001 | ||